| 000 | 00698nam a22001817a 4500 | ||
|---|---|---|---|
| 003 | AUA.1 | ||
| 005 | 20251028152547.0 | ||
| 008 | 250701b |||||||| |||| 00| 0 eng d | ||
| 040 | _cJTL | ||
| 100 | _aAckah-Miezah, Joseph | ||
| 245 |
_aStrategies for cultivating a healthy marriage : _bA case study of the Sefwi-Bekwai Central Church, Seventh-day Adventist Church, Ghana / _cJoseph Ackah-Miezah. |
||
| 260 | _cc2023. | ||
| 300 |
_aix, 127 leaves : _bIllustrations : _c30cm. |
||
| 610 |
_aSeventh-day Adventist Church _bSefwi-Bekwai Central Church _zGhana |
||
| 650 | _aMarital quality | ||
| 650 |
_aMarriage _vReligious aspects _xChristianity |
||
| 942 |
_2aua _cPROJECT _hMDiv _i.A25 2023 |
||
| 999 |
_c25117 _d25117 |
||